An Inspector Calls A1 Key quotes - Statistics

General Stats
  • This quiz has been taken 393 times
  • The average score is 7 of 22
Answer Stats
Quote missing word/s % Correct
"but these girls aren't _____ ______ - they're ______!" - Sheila cheap labour, people
71%
"not quite at ease, half ___, half _________" - stage directions (Eric) shy, assertive
61%
"__________, absolutely __________" - Mr Birling unsinkable, unsinkable
56%
"a _____ of events" - Inspector Goole chain
53%
"she was very ______ and looked as if she could take care of herself" - Sheila pretty
50%
"a rather ____ woman" - stage directions (Mrs Birling) cold
48%
"she had a lot to say - far ___ ____- she had to go" - Mr Birling too much
48%
"Oh - it's wonderful! Look - _____- isn't it a ______?" - Sheila referring to the ring mummy, beauty
47%
"the lighting should be ____and ________until the inspector arrives and then it should be ________and ______" - stage directions pink, intimate, brighter, harder
34%
"_____ _____ and higher ______" - Mr Birling lower costs, prices
29%
"we're ___________citizens and not _________" - Gerald respectable, criminals
29%
"don't get into the police court or start a _______ - eh?" - Mr Birling scandal
28%
"Ill _____, never do it again to _______" - Sheila never, anybody
22%
"half _______, half _______" - stage directions (Sheila) serious, playful
20%
"these cranks […] ________ and all that ________" - Mr Birling community, nonsense
19%
"why shouldn't they try for ______wages? we try for the _______ ________ prices" - Eric higher, highest possible
18%
"_____ ______ ___ scares" - Mr Birling silly little war
16%
"a man has to mind his ___ business and look after _______and his ____- and - " (we hear the sharp ring of the doorbell) - Mr Birling own, himself, own
15%
"good _____ furniture of the ______" - stage directions solid, period
15%
"substaintial and _______ comfortable, but not ____ and homelike" - stage directions heavily, cosy
11%
"___ with _________work to do" - Mr Birling men, important
11%
"massiveness, _______and ______________" - stage directions (Inspector Goole) solidity, purposefulness
11%
No matching quizzes found
Score Distribution
Percent of People with Each Score
Percentile by Number Answered
Your Score History
You have not taken this quiz